| 000 | 00848nam a22002297a 4500 | ||
|---|---|---|---|
| 003 | UA-OsUOA | ||
| 001 | 54469 | ||
| 007 | ta | ||
| 008 | 20170920b un ||||| |||| 00| 0 ukr d | ||
| 090 |
_a061.3 _bЧ-33 |
||
| 942 | _cBK | ||
| 040 |
_aUA-OsUOA _bukr _cUA-OsUOA _dUA-OsUOA |
||
| 245 |
_aЧверть століття українського чину _bМіжнародні українознавчі конференції в Іллінойському університеті в Урбана-Шампейн (США). 1982-2006 |
||
| 300 | _a400 с. | ||
| 955 | _a4 | ||
| 041 | _aukr | ||
| 080 | _a061.3 | ||
| 260 |
_aК. _bПП Сергійчук М.І. _c2006 |
||
| 650 | 7 |
_a0 Загальний відділ. _2UDC |
|
| 999 |
_c434585 _d434585 |
||